000 00627nai a2200181Ia 4500
003 IN-BaIIA
008 211028c9999 xx s 000 0 eng d
022 _a1021-9722 (Print)
022 _a1420-9004 (Online)
040 _cIIA Library
245 0 _aNonlinear Differential Equations and Applications NoDEA
_h[eJournal]
260 _aBasel, Switzerland
_bSpringer International Publishing
310 _aBi-monthly
362 _a4(1); 1997 - Present
521 _bSubscribed through National Knowledge Resource Consortium (NKRC)
856 _uhttps://www.springer.com/journal/30
_yClick Here to Access eJournal
942 _cEJ
999 _c35424
_d35424